000 00553nam a2200205 i 4500
003 DO-SdBNP
005 20230525151205.0
006 a||||gr|||| 00| 0
007 ta
008 230525e1993 spa||||| |||| 00| 0 spa d
020 _a8470503057
040 _aDO-SdBNP
_bspa
_cBNPHU
_erda
082 4 _222
_bC961d
245 1 0 _aDar sentido al sufrimiento. /
_cRicardo Cuadrado Tapia
264 1 _aValencia, España :
_bEDICEP,
_c1993
300 _a127 páginas ;
_c18 cm.
490 _aEDICEP ;
_v32
590 _aInventariado 2023 / MF
942 _2ddc
_cLBS1
999 _c53615
_d53615